00927nam a22003015a 450000100090000000300040000900500170001300800410003001000170007102000180008804000130010604100130011904200100013205000240014208200300016610000310019624500890022726000530031630000350036950000200040452000530042452100200047752600160049754100060051354600250051956200560054470000250060015757496OSt20140310182931.0090601s2008 ph a 001 0 eng  a 2008453578 a9789719168713 aDLCcDLC0 aengatgl alcode00aPL 6055b.B265 2008 aFIL 499.21103b.B265 20081 aBaron, Cynthia Sta. Maria.10aAno 'yon? ano 'yan?bthe whats and whys of being FilipinocBaron, Cynthia Sta. Maria aQuezon City, PhilippinesbBaron Multimediac2008 aiii, 170 p.bill.c14 x 22 cm. aIncludes index. aA dictionary of Filipino slang words and idioms. aCollege Student c1210L-1700L j1 aEnglish and Tagalog. eFor circulation. 1 copy available in the collection1 aYulo, Millet Yraola.